[Event "Boksburg Inter Region-ch"]
[Site "Boksburg"]
[Date "2016.12.23"]
[Round "7.4"]
[White "Dykema, Joshua Damain"]
[Black "Swart, Sune"]
[Result "1-0"]
[WhiteElo "1386"]
[BlackElo "1158"]
[PlyCount "117"]
[EventDate "2016.12.20"]
[EventType "team-swiss"]
[EventRounds "7"]
[EventCountry "RSA"]
[SourceTitle "CBM 176 Extra"]
[Source "ChessBase"]
[SourceDate "2017.03.02"]
[SourceVersion "1"]
[SourceVersionDate "2017.03.02"]
[SourceQuality "1"]
[WhiteTeam "Beliebers"]
[BlackTeam "All Stars"]
[WhiteTeamCountry "RSA"]
[BlackTeamCountry "RSA"]

1. d4 e6 2. f4 d5 3. Nf3 c5 4. e3 Nc6 5. c3 Bd7 6. Bd3 Nf6 7. 0-0 cxd4 8. exd4 Be7 9. Nbd2 0-0 10. Ne5 Bd6 11. Ndf3 h6 12. Nxc6 Bxc6 13. Ne5 Bxe5 14. fxe5 Ne4 15. Rf3 Ng5 16. Rg3 f6 17. h4 Ne4 18. Bxe4 dxe4 19. Bxh6 Rf7 20. Qg4 f5 21. Qg6 Qxh4 22. Bxg7 Qh7 23. Bf6+ Qxg6 24. Rxg6+ Kh7 25. Rg3 Rg8 26. Rh3+ Kg6 27. Kf2 Rh7 28. Rah1 Rxh3 29. Rxh3 Kf7 30. Rh7+ Ke8 31. Re7+ Kf8 32. Rxe6 f4 33. Bh4 e3+ 34. Ke1 Rxg2 35. Rf6+ Kg8 36. Rxf4 Rxb2 37. Rg4+ Kf7 38. c4 Rb1+ 39. Ke2 Rb2+ 40. Kxe3 Rxa2 41. d5 Ra3+ 42. Kd4 Ba4 43. e6+ Kf8 44. e7+ Kf7 45. Rf4+ Kg7 46. Rf8 Rh3 47. Bf6+ Kg6 48. Be5 Rh4+ 49. Kc5 b6+ 50. Kd6 Rxc4 51. e8Q+ Bxe8 52. Rxe8 a5 53. Ke6 a4 54. d6 Rc6 55. Ke7 Rc5 56. Kf8 a3 57. d7 a2 58. Ba1 Rf5+ 59. Kg8 1-0

[Event "Boksburg Inter Region-ch"]
[Site "Boksburg"]
[Date "2016.12.22"]
[Round "6.4"]
[White "Swart, Sune"]
[Black "Moche, Johannes"]
[Result "1/2-1/2"]
[WhiteElo "1158"]
[BlackElo "1661"]
[PlyCount "73"]
[EventDate "2016.12.20"]
[EventType "team-swiss"]
[EventRounds "7"]
[EventCountry "RSA"]
[SourceTitle "CBM 176 Extra"]
[Source "ChessBase"]
[SourceDate "2017.03.02"]
[SourceVersion "1"]
[SourceVersionDate "2017.03.02"]
[SourceQuality "1"]
[WhiteTeam "All Stars"]
[BlackTeam "White Team"]
[WhiteTeamCountry "RSA"]
[BlackTeamCountry "RSA"]

1. c4 c5 2. Nc3 g6 3. Nf3 Bg7 4. e3 Nc6 5. d4 cxd4 6. exd4 d6 7. d5 Nb8 8. Bd2 Nd7 9. Be2 Ngf6 10. 0-0 0-0 11. h3 a6 12. Qc1 Re8 13. Bh6 Bh8 14. Re1 Nc5 15. b4 Nce4 16. Nxe4 Nxe4 17. Rb1 a5 18. a3 Qb6 19. Be3 Qc7 20. Bd4 Bxd4 21. Nxd4 Qb6 22. Qe3 Nf6 23. b5 e5 24. dxe6 Bxe6 25. Nxe6 Qxe3 26. fxe3 Rxe6 27. Bf3 Ne4 28. Bxe4 Rxe4 29. Rbc1 b6 30. a4 Kf8 31. Kf2 Rc8 32. Red1 Ke7 33. Rd4 Rxd4 34. exd4 d5 35. c5 f5 36. c6 Kd6 37. Re1 1/2-1/2

[Event "Boksburg Inter Region-ch"]
[Site "Boksburg"]
[Date "2016.12.20"]
[Round "2.4"]
[White "Swart, Sune"]
[Black "De Koster, Dirk"]
[Result "0-1"]
[WhiteElo "1158"]
[BlackElo "1276"]
[PlyCount "72"]
[EventDate "2016.12.20"]
[EventType "team-swiss"]
[EventRounds "7"]
[EventCountry "RSA"]
[SourceTitle "CBM 176 Extra"]
[Source "ChessBase"]
[SourceDate "2017.03.02"]
[SourceVersion "1"]
[SourceVersionDate "2017.03.02"]
[SourceQuality "1"]
[WhiteTeam "All Stars"]
[BlackTeam "King Attackers"]
[WhiteTeamCountry "RSA"]
[BlackTeamCountry "RSA"]

1. c4 Nf6 2. Nc3 e5 3. Nf3 Nc6 4. e3 d6 5. d4 e4 6. Ng5 Bf5 7. f3 h6 8. Ngxe4 Nxe4 9. fxe4 Bg6 10. d5 Ne5 11. Be2 Qh4+ 12. g3 Qh3 13. Nb5 Qd7 14. Qd4 a6 15. Nc3 Be7 16. c5 Bf6 17. Qb4 0-0 18. cxd6 cxd6 19. Na4 Bd8 20. Bd2 b5 21. Nc3 Rb8 22. 0-0-0 Qc7 23. Kb1 Be7 24. Rc1 Qb6 25. Rhf1 Rfc8 26. Rc2 Rc5 27. a4 a5 28. Qb3 b4 29. Nb5 Bxe4 30. Rfc1 Rbc8 31. Nd4 Bxd5 32. Bc4 Nxc4 33. Rxc4 Rxc4 34. Rxc4 Rxc4 35. Qd3 Qb7 36. e4 Bxe4 0-1

[Event "RSA-ch U14 Girls"]
[Site "Waterkloof"]
[Date "2015.04.06"]
[Round "3"]
[White "Swart, Sune"]
[Black "Kettledas, Danielle"]
[Result "0-1"]
[WhiteElo "1075"]
[BlackElo "1033"]
[PlyCount "54"]
[EventDate "2015.04.04"]
[EventType "swiss"]
[EventRounds "9"]
[EventCountry "RSA"]
[SourceTitle "CBM 166 Extra"]
[Source "ChessBase"]
[SourceDate "2015.06.18"]
[SourceVersion "1"]
[SourceVersionDate "2015.06.18"]
[SourceQuality "1"]

1. e4 c5 2. Bc4 Nc6 3. Nf3 e6 4. Nc3 a6 5. a3 b5 6. Ba2 Bb7 7. 0-0 Bd6 8. d4 cxd4 9. Nxd4 Qc7 10. Nf3 Nf6 11. Bg5 h6 12. Bxf6 gxf6 13. h3 0-0-0 14. Rc1 Ne5 15. Nd4 Rhg8 16. Re1 Nc4 17. Ndxb5 axb5 18. Nxb5 Bh2+ 19. Kh1 Qf4 20. g3 Bxg3 21. Bxc4 Bxe4+ 22. Rxe4 Qxe4+ 23. f3 Qxc4 24. Nd6+ Bxd6 25. Qxd6 Qc6 26. Rd1 Qxf3+ 27. Kh2 Qg2# 0-1